000
00263nam a2200109Ia 4500
008
190216s9999||||xx |||||||||||||| ||und||
100
_a
Shankara Pillai
245
0
_a
Anchuekangangal
260
_b
Poorna Pubs Kozhikode
650
_a
Malayalam Nadakam
942
_c
BK
999
_c
25136
_d
25136